00409nam a2200157Ia 450000500170000000800410001702000150005805000270007310000250010024500380012526000350016330000330019844000060023152100070023752600070024420140311163140.0140130s9999 xx 000 0 und d a0439403774 aPZ 10.3b.C4158Cu 2002 aCherrington, Janelle cCherrington, JanelleaA cub can / bScholastic,c2002.aNew York : a11 p. :bcol. ill. ;c25 cm. v1 aBR cBR